| 000 | 01318nam a22003497a 4500 | ||
|---|---|---|---|
| 003 | CHAP | ||
| 005 | 20220329143615.0 | ||
| 008 | 100907s2007 mx r 00010 spa d | ||
| 010 | _a99216 | ||
| 011 | _a100188 | ||
| 035 | _a110874 | ||
| 040 | _cCHAP | ||
| 090 | _aTesis | ||
| 100 | 1 |
_aSalcedo Arias, Martha Karelia _9101492 |
|
| 245 | 1 | 4 |
_aLas hormonas como factor importate en las funciones del organismo y una propuesta natural para mantenerlas en estado de equilibrio _c/por Martha Karelia Salcedo Arias |
| 260 |
_aChapingo, Méx. : _bEl autor, _c2007 |
||
| 300 |
_a63 h. : _bgráfs. |
||
| 502 | _aTesis (Diplomado en Medicina Natural e Integrativa) -- UACH. Centro de Educación Continua | ||
| 590 |
_aALEPH _b10 _c20130110 _lUCH01 _h1536 |
||
| 590 |
_aBATCH-UPD _b10 _c20130110 _lUCH01 _h1221 |
||
| 590 |
_aBATCH-UPD _b10 _c20130410 _lUCH01 _h0756 |
||
| 590 |
_aBATCH-UPD _b10 _c20130914 _lUCH01 _h0325 |
||
| 590 |
_aCONVERSION _b10 _c20130109 _lUCH01 _h1355 |
||
| 650 | 1 | 4 |
_aAnatomía. _95490 |
| 650 | 1 | 4 |
_aHormonas. _956235 |
| 650 | 1 | 4 |
_aMedicina tradicional. _973921 |
| 650 | 1 | 4 |
_aSangre _xCirculación. _9102212 |
| 901 | _aBK | ||
| 942 | _cFOLL | ||
| 949 |
_aTesis _bBC _cTES _d33724002074769 _eTS1 _gDonaciØn _h51046 _i110874 _sb |
||
| 949 |
_aTesis _bBC _cTES _d33724002074801 _eTS2 _fc.2 _gDonaciØn _h51047 _i110874 _sb |
||
| 999 |
_c99216 _d99216 |
||